000 00292nam a2200133Ia 4500
100 _aSchalkoff/Robert J
942 _cBK
654 _aartificial
245 _aArtificial intelligence
260 _bMc Graw Hill
_aNew Delhi
_c1990
082 _a6.3
_bSCH
300 _a646
546 _aENGLISH
999 _c27641
_d27641